00670naa a22001697i 45000010005000000030009000050050017000140080041000310400021000720410008000930440008001010800007001091000141001162450128002575000026003857730089004117361KOSZ 00520180405151909.0160225b1980 us ||||| |||| 00| 0 eng  cBPKdKOSZ 005/HR aeng aUSA a511 aHRYNIEWICZ, Zdzisław.d1978 - 1982.bWyższa Szkoła Inżynierska w Koszalinie - Instytut Budownictwa Lądowego,cZakład Matematyki10aNumerical generation methods of homogeneous and nanogeneous two-dimensional gaussian rabdom fields /cZdzisław Hryniewicz. aDane z kartoteki bpp. iW :tSIAM Journal on Applied Mathematics.g1980, Vol. 39, no 1, p.169-172x0036-1399